Zespoły na Mistrzostwach Świata 2014 - Statystyki

Ogólne statystyki
  • Ten quiz został rozwiązany 1 743 razy
  • Średni wynik to 24 z 32
Statystyki odpowiedzi
Federacja Reprezentacja % Poprawnych
CONMEBOL Brazylia
98%
CONMEBOL Argentyna
97%
UEFA Niemcy
97%
UEFA Hiszpania
94%
UEFA Francja
93%
UEFA Portugalia
91%
UEFA Anglia
90%
UEFA Holandia
89%
UEFA Włochy
88%
CONMEBOL Kolumbia
86%
UEFA Rosja
86%
CONMEBOL Chile
84%
AFC Japonia
84%
CONCACAF Meksyk
84%
UEFA Belgia
83%
CONMEBOL Urugwaj
83%
UEFA Chorwacja
77%
AFC Australia
74%
UEFA Szwajcaria
73%
CONCACAF Kostaryka
71%
AFC Korea Południowa
69%
CONCACAF Stany Zjednoczone
67%
UEFA Grecja
65%
CAF Nigeria
65%
CAF Ghana
59%
CONMEBOL Ekwador
57%
CONCACAF Honduras
57%
CAF Kamerun
57%
CAF Algieria
56%
AFC Iran
52%
CAF Wybrzeże Kości Słoniowej
45%
UEFA Bośnia i Hercegowina
35%
Nie znaleziono quizów pasujących do podanych kryteriów
Rozkład punktacji
Procent ludzi z każdym wynikiem
Percentyl według liczby udzielonych odpowiedzi
Twoja historia wyników
Nie rozwiązałeś tego quizu